Pieter Bruegels d. Ä. Landschaft mit pflügendem Bauern und Ikarussturz : Mythenkritik und Kalendermotivik im 16. Jahrhundert
Saved in:
| Main Author: | |
|---|---|
| Other Authors: | |
| Document Type: | Thesis Book |
| Language: | German |
| Published: |
München
: Fink
, 2002
|
| Subjects: | |
| Online Access: | Rezension |
| Related Items: | Erscheint auch als:
Pieter Bruegels d.Ä. Landschaft mit pflügendem Bauern und Ikarussturz Rezensiert in: [Rezension von: Christian Vöhringer, Pieter Breugels d. Ä. Landschaft mit pflügendem Bauern und Ikarussturz] |
| Author Notes: | Christian Vöhringer |
| LEADER | 02757cam a2200493 c 4500 | ||
|---|---|---|---|
| 001 | 1622320506 | ||
| 003 | DE-627 | ||
| 005 | 20260421110657.0 | ||
| 007 | tu | ||
| 008 | 020205s2002 xx ||||| m 00| ||ger c | ||
| 020 | |a 377053686X |9 3-7705-3686-X | ||
| 035 | |a (DE-627)1622320506 | ||
| 035 | |a (DE-576)096814926 | ||
| 035 | |a (DE-599)BSZ096814926 | ||
| 035 | |a (OCoLC)722965937 | ||
| 035 | |a (OCoLC)881770848 | ||
| 040 | |a DE-627 |b ger |c DE-627 |e rakwb | ||
| 041 | |a ger | ||
| 082 | 0 | |a 959.9492 | |
| 084 | |a 9,10 |2 ssgn | ||
| 084 | |a LI 19549 |2 rvk |0 (DE-625)rvk/95678:13287 | ||
| 100 | 1 | |a Vöhringer, Christian |d 1966- |0 (DE-588)124008704 |0 (DE-627)616010605 |0 (DE-576)314596267 |4 aut | |
| 245 | 1 | 0 | |a Pieter Bruegels d. Ä. Landschaft mit pflügendem Bauern und Ikarussturz |b Mythenkritik und Kalendermotivik im 16. Jahrhundert |c Christian Vöhringer |
| 246 | 3 | 0 | |a Baum |
| 264 | 1 | |a München |b Fink |c 2002 | |
| 300 | |a 206, [8 S., 1 Faltbl.] |b Ill. | ||
| 336 | |a Text |b txt |2 rdacontent | ||
| 337 | |a ohne Hilfsmittel zu benutzen |b n |2 rdamedia | ||
| 338 | |a Band |b nc |2 rdacarrier | ||
| 502 | |a Zugl.: Berlin, Freie Univ., Diss., 1998 | ||
| 583 | 1 | |a Archivierung/Langzeitarchivierung gewährleistet |f SSG |x XA-DE-BW |2 pdager |5 DE-16 | |
| 655 | 7 | |a Hochschulschrift |0 (DE-588)4113937-9 |0 (DE-627)105825778 |0 (DE-576)209480580 |2 gnd-content | |
| 689 | 0 | 0 | |d u |0 (DE-588)4231128-7 |0 (DE-627)10493493X |0 (DE-576)210353139 |a Bruegel, Pieter |c de Oudere |d 1525-1569 |t Der Sturz des Ikarus |2 gnd |
| 689 | 0 | |5 (DE-627) | |
| 700 | 1 | |a Bruegel, Pieter |c de Oudere |d 1525-1569 |e Ill. |0 (DE-588)118674013 |0 (DE-627)079457657 |0 (DE-576)160451736 |4 ill | |
| 751 | |a Berlin |0 (DE-588)4005728-8 |0 (DE-627)10482638X |0 (DE-576)208862560 |4 uvp | ||
| 776 | 0 | 8 | |i Erscheint auch als |n Online-Ausgabe |a Vöhringer, Christian |t Pieter Bruegels d.Ä. Landschaft mit pflügendem Bauern und Ikarussturz |d München : Fink, 2002 |h 206 S., [4] Bl. |w (DE-627)1652438106 |w (DE-576)383345723 |z 377053686X |
| 787 | 0 | 8 | |i Rezensiert in |a Paulußen, Markus |t [Rezension von: Christian Vöhringer, Pieter Breugels d. Ä. Landschaft mit pflügendem Bauern und Ikarussturz] |d 2003 |w (DE-627)1920618678 |
| 856 | 4 | 2 | |u https://swbplus.bsz-bw.de/bsz096814926rez.htm |m B:DE-576;DE-16 |q application/pdf |v 20081106095938 |x Verlag |3 Rezension |7 1 |
| 936 | r | v | |a LI 19549 |b Monographien und Bildbände zu einzelnen Kunstwerken |k Kunstgeschichte |k Künstler-Monografien |k Alphabetische Künstlerliste |k Künstler B |k Bruegel (Familie) |k Bruegel, Pieter (der Ältere) |k Monographien und Bildbände zu einzelnen Kunstwerken |0 (DE-627)1271553430 |0 (DE-625)rvk/95678:13287 |0 (DE-576)201553430 |
| 951 | |a BO | ||
| 990 | |a Bruegel, Pieter <de Oudere> / Der Sturz des Ikarus | ||
| 991 | |a Rezensiertes Werk | ||
| 999 | |a KXP-PPN1622320506 |e 4955655203 | ||


